00224nam a22000857a 4500020001600000100002000016245002700036260004400063300003100107 a 0688071562 a Henkes, Kevin. a Sheila Rae, the brave a New York :b Greenwillow Books,c1987. a [32] p. : |b col. ill. ;